| 000 | 00590nam a2200205Ia 4500 | ||
|---|---|---|---|
| 003 | GCL | ||
| 008 | 140319s9999 xx 000 0 ara d | ||
| 040 |
_aGCL / _cGCL |
||
| 082 | 0 | 4 |
_a370.13 _bد ف |
| 100 | 1 | _aلطفى بركات | |
| 245 | 1 | 0 |
_aفى مجالات التربية المعاصرة / _cلطفى بركات |
| 700 | 1 | _aلطفى بركة احمد | |
| 260 |
_a[S.N] : _bمكتبة النهضة المصرية ، _c1979 |
||
| 300 | _a273 ص | ||
| 490 | _a | ||
| 650 | 0 | 4 | _aطرق التدريس |
| 650 | 0 | 4 | _aالتعليم |
| 650 | 0 | 4 | _aالتربية |
| 942 |
_2ddc _cBK |
||
| 999 |
_c53234 _d53234 |
||